Atatürk'ten bugüne kooperatifçilik (Record no. 12773)

MARC details
000 -BAŞLIK
Sabit Uzunlukta Kontrol Alanı 01002na a2200301 4500
999 ## - SİSTEM KONTROL NUMARALARI (KOHA)
Koha Biblionumber 12773
Koha Biblioitemnumber 12773
001 - KONTROL NUMARASI
Denetim Alanı 16180
003 - KONTROL NUMARASI IDENTIFIER
Denetim Alanı MIRAKIL
005 - SON İŞLEM TARİHİ VE ZAMANI
Denetim Alanı 20190222171136.0
008 - SABİT-BOY VERİ ELEMANLARI - GENEL BİLGİLER
Sabit Uzunlukta Kontrol Alanı 161003b tu 000 0
020 ## - ULUSLARARASI STANDART KİTAP NUMARASI
Uluslararası Standart Kitap Numarası 9754641102
035 ## - SİSTEM KONTROL NUMARASI
Sistem Kontrol Numarası 16180
040 ## - KATALOGLAMA KAYNAK
Orijinal Kataloglama Ajansı Milas
Kataloglama Dili tur
Metne Dönüştürmek Ajansı TR-AnCHP
082 ## - DEWEY ONLU SINIFLANDIRMA NUMARASI
Sınıflandırma Numarası 334.09561
Ürün Numarası M94a 1998
090 ## - SINIFLAMA NUMARASI
Sınıflama Numarası 334.09561 M94a 1998
100 ## - ANA GİRİŞ - KİŞİSEL İSİM
Kişisel Ad Mülayim, Ziya Gökalp
Bir Adıyla İlişkilendirilen Tarihler 1932-
245 ## - BAŞLIK TABLOSU
Başlık Atatürk'ten bugüne kooperatifçilik
Sorumluluk Tablosu, Vb Ziya Gökalp Mülayim
260 ## - YAYIN, DAĞITIM, VB
Yayın, Dağıtım, Vb Yeri Ankara
Yayıncı, Dağıtıcı, Vs Adı Yetkin
Yayın, Dağıtım, Vb Tarihi 1998
300 ## - FİZİKSEL TANIM
Kapsam 328 s.
Diğer Fiziksel Ayrıntıları tbl.
Boyutlar 20 sm.
500 ## - GENEL NOT
Genel Not Kitap yazarından imzalıdır.
504 ## - KAYNAKÇA VB NOT
Kaynakça Vb Notu Kaynakça var.
650 ## - KONU KATMA GİRİŞ - TOPİKAL DÖNEM
Topikal Süreli Veya Coğrafi Ad Giriş Elemanı Kooperatifçilik
Genel Alt Bölümü Hukuksal durum, yasalar vb.
Coğrafi Alt Bölümü Türkiye
650 ## - KONU KATMA GİRİŞ - TOPİKAL DÖNEM
Topikal Süreli Veya Coğrafi Ad Giriş Elemanı Kooperatifçilik
Genel Alt Bölümü Tarih
Coğrafi Alt Bölümü Türkiye
650 ## - KONU KATMA GİRİŞ - TOPİKAL DÖNEM
Topikal Süreli Veya Coğrafi Ad Giriş Elemanı Tarım
Genel Alt Bölümü Kooperatifçilik
Coğrafi Alt Bölümü Türkiye
651 ## - KONU KATMA GİRİŞ - COĞRAFİ ADI
Coğrafi İsim Türkiye
Genel Alt Bölümü Kooperatifçilik
Kronolojik Alt Bölümü Sorunlar ve çözüm önerileri
856 ## - ELEKTRONİK YER VE ERİŞİM
Kamu Notu Dijital Nüshası için Partimizin Kütüphane Sorumlusu ile iletişime geçiniz.
942 ## - EKLENDİ GİRİŞ ELEMANLARI (KOHA)
Koha Öğesi Türü Books
Sınıflandırma Veya Raf Düzeni Kaynak Dewey Decimal Classification
999 ## - SİSTEM KONTROL NUMARALARI (KOHA)
Koha Biblioitemnumber 6737
Holdings
Kalıcı Konum Mevcut Konum Edinme Tarihi Toplam Check-Out'Lar Tam Çağrı Numarası Barkod Tarih Son Görülme İtibaren Geçerli Fiyatlar Koha Öğesi Türü
Parti Okulu Kütüphanesi Parti Okulu Kütüphanesi 02/22/2019   334.09561 M94a 1998 P00294 02/22/2019 02/22/2019 Books
Parti Okulu Kütüphanesi Parti Okulu Kütüphanesi 02/22/2019   334.09561 M94a 1998 P00295 02/22/2019 02/22/2019 Books